书目信息 |
| 题名: |
花楸组织培养技术
|
|
| 作者: | 杨玲 , 沈海龙 著 | |
| 分册: | ||
| 出版信息: | 北京 科学出版社 2017.3 |
|
| 页数: | 242页 | |
| 开本: | 24cm | |
| 丛书名: | ||
| 单 册: | ||
| 中图分类: | S792.250 | |
| 科图分类: | ||
| 主题词: | 花楸--组织培养 | |
| 电子资源: | ||
| ISBN: | 978-7-03-052229-0 | |
| 000 | 00873nam0 2200241 450 | |
| 001 | 0400009201 | |
| 005 | 20171119105655.0 | |
| 010 | @a978-7-03-052229-0@dCNY78.00 | |
| 100 | @a20170619d2017 em y0chiy50 ea | |
| 101 | 0 | @achi |
| 102 | @aCN@b110000 | |
| 105 | @aa z 000yy | |
| 106 | @ar | |
| 200 | 1 | @a花楸组织培养技术@Ahua qiu zu zhi pei yang ji shu@f杨玲,沈海龙著 |
| 210 | @a北京@c科学出版社@d2017.3 | |
| 215 | @a242页@c图@d24cm | |
| 330 | @a本书内容包括:花楸未成熟合子胚不定芽诱导和增殖培养;花楸无菌茎段腋芽增殖和茎丛生根培养;花楸成熟合子胚愈伤组织和不定芽诱导培养;花楸叶片与茎段愈伤组织诱导及增殖培养;花楸成熟合子胚和子叶及下胚轴体细胞胚胎发生等。 | |
| 606 | 0 | @a花楸@x组织培养 |
| 690 | @aS792.250@v5 | |
| 701 | 0 | @a杨玲@Ayang ling@4著 |
| 701 | 0 | @a沈海龙@Ashen hai long@4著 |
| 801 | 0 | @aCN@b上海新华@c20171119 |
| 905 | @b1028612-6@dS792.250@e104@f5 | |
| 花楸组织培养技术/杨玲,沈海龙著.-北京:科学出版社,2017.3 |
| 242页:图;24cm |
| ISBN 978-7-03-052229-0:CNY78.00 |
| 本书内容包括:花楸未成熟合子胚不定芽诱导和增殖培养;花楸无菌茎段腋芽增殖和茎丛生根培养;花楸成熟合子胚愈伤组织和不定芽诱导培养;花楸叶片与茎段愈伤组织诱导及增殖培养;花楸成熟合子胚和子叶及下胚轴体细胞胚胎发生等。 |
| ● |
| 相关链接 |
|
|
|
|
正题名:花楸组织培养技术
索取号:S792.250/104
 
预约/预借
| 序号 | 登录号 | 条形码 | 馆藏地/架位号 | 状态 | 备注 |
| 1 | 1028612 | 210286126 | 第二样本阅览室/ [索取号:S792.250/104] | 在馆 | |
| 2 | 1028613 | 210286135 | 生命科学系资料室/ [索取号:S792.250/104] | 在馆 | |
| 3 | 1028614 | 210286144 | 第三借阅区/ [索取号:S792.250/104] | 在馆 | |
| 4 | 1028615 | 210286153 | 第三借阅区/ [索取号:S792.250/104] | 在馆 | |
| 5 | 1028616 | 210286162 | 第三借阅区/ [索取号:S792.250/104] | 在馆 |